000
00303nam a2200121Ia 4500
008
191201s2012 xx 000 0 und d
100
_a
MAHAJAN, M
245
0
_a
Statistical Quality Control
250
_a
Rep
260
_c
2012
_b
Dhanpat Rai Pubns (P) Ltd
_a
NEW DELHI
300
_a
544
942
_2
ddc
_c
BK
_0
2
999
_c
8002
_d
8002